000 00622nam a2200253Ia 4500
003 OSt
005 20221007100726.0
006 a|||||r|||| 00| 0
007 ta
008 221006b |||||||| |||| 00| 0 eng d
024 _a4,996
037 _cTextual
040 _aLCO
_cLCO
_beng
041 _2eng
_aeng
082 _aX:8: (Z2,181), L0
100 _aARYA V P
245 0 _aCompany Directors
250 _a2
260 _aOxford
_bI B H Publishing company
_c1970
300 _a154
650 _aCOMPANY LAW
942 _hX:8: (Z2,181), L0
_cTEXL
999 _c1174559
_d1174559